|
|
|
|
| LEADER |
00000nab a2200000 a 4500 |
| 001 |
vtls000308314 |
| 003 |
SK-MaSNL |
| 005 |
20260304002645.0 |
| 008 |
230131c1988 xo 0 slo |
| 015 |
|
|
|a SNBRB19rr/mm-uuuuu
|
| 035 |
|
|
|a CL0318435
|
| 035 |
|
|
|a urn:nbn:sk:snk-abdn2j
|
| 035 |
|
|
|a (urnnbn)urn:nbn:sk:snk:ar-003amu
|
| 035 |
|
|
|a (uuid)03043eb1-5e33-4915-9fcf-6a169154060a
|
| 040 |
|
|
|a SNKBUCL
|b slo
|c SNKBUCL
|e AACR2
|
| 041 |
0 |
|
|a slo
|
| 044 |
|
|
|a xo
|c SK
|
| 080 |
|
|
|a 638.16/.17:658.7
|2 1981
|
| 080 |
|
|
|a 658.7
|2 1981
|
| 080 |
|
|
|a 638.16/.17
|2 1981
|
| 100 |
1 |
|
|a Moravčík, Štefan,
|d 1943-
|4 aut
|9 98697
|
| 245 |
1 |
0 |
|a Nákup včelích produktov v minulom roku
|c Štefan Moravčík
|
| 650 |
0 |
7 |
|a med
|2 SNKPH
|
| 650 |
0 |
7 |
|a včelí vosk
|2 SNKPH
|9 51096
|
| 650 |
0 |
7 |
|a peľ
|2 SNKPH
|9 19070
|
| 655 |
|
7 |
|a články z novín a časopisov
|2 SNK
|9 267496
|
| 773 |
0 |
|
|t Včelár
|g Roč. 62, č. 4 (1988), s. 78
|
| 850 |
|
|
|a Slovenská národná knižnica v Martine
|a MTA001
|
| 852 |
|
|
|a SNK
|b KIS3GCP
|
| 954 |
|
|
|a odborná, vedecká literatúra pôvodná (slovenská)
|2 lita
|
| 958 |
|
|
|a OND
|
| 958 |
|
|
|a RK
|
| 958 |
|
|
|a EUIPO
|
| 958 |
|
|
|a article19
|
| 992 |
|
|
|a RBX
|
| 999 |
|
|
|c 2543052
|d 2544982
|